[Event "Moana Pozzi memorial"]
[Site "SchemingMind.com"]
[Date "2017.01.12"]
[Round "-"]
[White "Kenny Elliott"]
[Black "kenneth m day"]
[Result "0-1"]
[WhiteCountry "USA"]
[BlackCountry "USA"]
[WhiteElo "1561"]
[WhiteRD "74"]
[BlackElo "1698"]
[BlackRD "55"]
[GameID "409217"]

1. d4 Nf6 2. c4 e6 3. Nc3 Bb4 4. Bd2 O-O 5. a3 Be7 6. Qb3 d5 7. e3 c5 8. Nf3 Nc6 9. O-O-O a6 10. Na4 cxd4
11. Nb6 Rb8 12. Nxd4 Bc5 13. Nxc8 Qxc8 14. Bc3 Ne4 15. Qc2 b5 16. b4 Be7 17. f3 Nxc3 18. Qxc3 dxc4 19. Nxc6 Qxc6 20. e4 Bg5+
21. Kb1 Rbd8 22. Be2 f5 23. Rd4 Bf6 24. Rhd1 Bxd4 25. Rxd4 Qc7 26. g3 Qe5
0-1

[Event "Moana Pozzi memorial"]
[Site "SchemingMind.com"]
[Date "2017.01.12"]
[Round "-"]
[White "kenneth m day"]
[Black "Kenny Elliott"]
[Result "1-0"]
[WhiteCountry "USA"]
[BlackCountry "USA"]
[WhiteElo "1698"]
[WhiteRD "55"]
[BlackElo "1561"]
[BlackRD "74"]
[GameID "409218"]

1. e4 c5 2. d4 cxd4 3. c3 dxc3 4. Nxc3 e5 5. Nf3 Nc6 6. Bc4 Bb4 7. O-O Bxc3 8. bxc3 Nf6 9. Qe2 O-O 10. Bg5 h6
11. Bh4 d6 12. Rfd1 Bg4 13. h3 Bxf3 14. Qxf3 g5 15. Bg3 Ne7 16. Qxf6 Ng6 17. Qxg6+ Kh8 18. Qxh6+ Kg8 19. Rxd6
1-0

[Event "Moana Pozzi memorial"]
[Site "SchemingMind.com"]
[Date "2017.01.13"]
[Round "-"]
[White "Kenny Elliott"]
[Black "Holty"]
[Result "0-1"]
[WhiteCountry "USA"]
[BlackCountry "ENG"]
[WhiteElo "1580"]
[WhiteRD "80"]
[BlackElo "1825"]
[BlackRD "61"]
[GameID "409219"]

1. d4 e6 2. e4 d5 3. exd5 exd5 4. Nf3 Bd6 5. Nc3 Ne7 6. Be2 c6 7. Bd2 Bg4 8. h3 Bxf3 9. Bxf3 Qb6 10. Rb1 Qxd4
11. O-O Nd7 12. a3 O-O 13. Qe2 Qe5 14. Qd1 Qh2#
0-1

[Event "Moana Pozzi memorial"]
[Site "SchemingMind.com"]
[Date "2017.01.16"]
[Round "-"]
[White "Holty"]
[Black "Kenny Elliott"]
[Result "1-0"]
[WhiteCountry "ENG"]
[BlackCountry "USA"]
[WhiteElo "1791"]
[WhiteRD "64"]
[BlackElo "1561"]
[BlackRD "74"]
[GameID "409220"]

1. d4 d5 2. Nf3 Nf6 3. e3 Bg4 4. h3 Bh5 5. c4 c6 6. Nc3 e6 7. g4 Bg6 8. Ne5 Be4 9. f3 Nxg4 10. hxg4 Bg6
11. cxd5 cxd5 12. Bb5+ Nc6 13. Nxc6 Qc7 14. Ne5+ Kd8 15. Nxg6 fxg6 16. Rh3 Bb4 17. Bd2 Bxc3 18. Bxc3 a6 19. Bd3 Kd7 20. Rc1 Qd8
21. e4 Qe8 22. e5 h5 23. Qa4+ b5 24. Bxb5+ axb5 25. Qxb5+ Ke7 26. Qxe8+ Kxe8 27. a3 Kf7 28. Bb4 Ra7 29. Bc5 Rc7 30. b4 Rcc8
31. a4 Rh7 32. b5 Rch8 33. g5 h4 34. b6 Ra8 35. Ra1 Ke8 36. a5 Kd7 37. a6
1-0

[Event "Moana Pozzi memorial"]
[Site "SchemingMind.com"]
[Date "2017.01.12"]
[Round "-"]
[White "Kenny Elliott"]
[Black "ray winteringham"]
[Result "0-1"]
[WhiteCountry "USA"]
[BlackCountry "ENG"]
[WhiteElo "1561"]
[WhiteRD "74"]
[BlackElo "1486"]
[BlackRD "52"]
[GameID "409221"]

1. d4 d5 2. c4 e6 3. Nf3 c6 4. e3 b6 5. Nc3 Bb7 6. cxd5 cxd5 7. Bb5+ Bc6 8. Bxc6+ Nxc6 9. O-O Bd6 10. Qa4 Ne7
11. e4 dxe4 12. Nxe4 O-O 13. Qc4 Rc8 14. Nxd6 Qxd6 15. Qa4 h6 16. Ne5 Nxd4 17. Re1 Nc2 18. Bf4 Nxe1 19. Nf3 Nxf3+ 20. gxf3 Qc6
21. Qd1 Rfd8 22. Qf1 Qxf3 23. Bg3 Nf5 24. Re1 Rd2 25. b4 Rcc2 26. a4 Qxg3+ 27. hxg3 Nxg3 28. fxg3 Rd3 29. Qh3 Rcc3 30. Kh2 Rd4
31. Rb1 Rcc4 32. Qg2 f6 33. Qa8+ Kh7 34. Qxa7 Rc2+ 35. Kh3 Rdd2 36. Qxb6 f5 37. Rh1 Re2 38. a5 h5 39. Qg1 g5 40. Qa7+ Kg6
41. Qg1 h4 42. a6 Kh5 43. g4+ Kg6 44. gxf5+ exf5 45. a7 Rc3+ 46. Qg3 Rxg3#
0-1

[Event "Moana Pozzi memorial"]
[Site "SchemingMind.com"]
[Date "2017.01.12"]
[Round "-"]
[White "ray winteringham"]
[Black "Kenny Elliott"]
[Result "0-1"]
[WhiteCountry "ENG"]
[BlackCountry "USA"]
[WhiteElo "1486"]
[WhiteRD "52"]
[BlackElo "1561"]
[BlackRD "74"]
[GameID "409222"]

1. e4 c5 2. Nf3 d6 3. d4 cxd4 4. Qxd4 Nc6 5. Qd1 Bg4 6. Be2 Nf6 7. Nc3 e5 8. h3 Bxf3 9. Bxf3 Be7 10. Be3 O-O
11. O-O a5 12. Be2 Qc7 13. f3 Rfd8 14. Na4 Rab8 15. Bb6 Qd7 16. Bxd8 Bxd8 17. Nc3 Bb6+ 18. Kh1 Nd4 19. a3 Qe7 20. Bd3 Bc5
21. Ne2 Nxe2 22. Qxe2 Nh5 23. Qf2 Bxf2 24. Rxf2 Qg5 25. Rg1 Ng3+ 26. Kh2 Qf4 27. b3 h5 28. a4 h4
0-1

[Event "Moana Pozzi memorial"]
[Site "SchemingMind.com"]
[Date "2017.01.13"]
[Round "-"]
[White "Kenny Elliott"]
[Black "Simon Green"]
[Result "0-1"]
[WhiteCountry "USA"]
[BlackCountry "ENG"]
[WhiteElo "1561"]
[WhiteRD "74"]
[BlackElo "1641"]
[BlackRD "60"]
[GameID "409223"]

1. d4 e6 2. e4 d5 3. Nc3 Nf6 4. e5 Nfd7 5. Nf3 c5 6. Bb5 Nc6 7. O-O Qb6 8. Be3 a6 9. Bxc6 bxc6 10. Na4 Qb4
11. b3 c4 12. Bd2 Qb5 13. c3 Nb6 14. Nc5 Bxc5 15. bxc4 Nxc4 16. dxc5 Nxd2 17. Qxd2 Qxc5 18. a4 O-O 19. Nd4 a5 20. Rfc1 Bd7
21. c4 Qe7 22. Qf4 f5 23. cxd5 cxd5 24. Rc7 Qd8 25. Rb1 Qxc7 26. Nb5 Bxb5 27. axb5 Rab8 28. Qd4 Rxb5
0-1

[Event "Moana Pozzi memorial"]
[Site "SchemingMind.com"]
[Date "2017.01.13"]
[Round "-"]
[White "Simon Green"]
[Black "Kenny Elliott"]
[Result "1-0"]
[WhiteCountry "ENG"]
[BlackCountry "USA"]
[WhiteElo "1688"]
[WhiteRD "62"]
[BlackElo "1552"]
[BlackRD "73"]
[GameID "409224"]

1. d4 d5 2. e3 Bf5 3. Bd3 Bxd3 4. cxd3 e6 5. f4 Nf6 6. Nf3 Bb4+ 7. Bd2 Bxd2+ 8. Nbxd2 O-O 9. O-O Nc6 10. Ne5 Nxe5
11. fxe5 Nd7 12. e4 c5 13. dxc5 Nxc5 14. Qe2 Qb6 15. Qf2 Qxb2 16. Rfb1 Qa3 17. exd5 exd5 18. d4 Ne4 19. Nxe4 dxe4 20. Rb3 Qe7
21. Rab1 b6 22. Re3 f5 23. exf6 Rxf6 24. Qe2 Re8 25. Re1 Re6 26. Qc4 Qg5 27. d5 Re5 28. Rxe4 Rxe4 29. Rxe4 Rxe4 30. Qxe4 Qc1+
31. Kf2 Qd2+ 32. Kf3 Qd1+ 33. Kf4 Qf1+ 34. Qf3 Qc1+ 35. Ke5 Qg5+ 36. Kd6 Qd8+ 37. Kc6 Qc8+ 38. Kb5 Qc5+ 39. Ka6 Qc8+ 40. Kb5 Qc5+
41. Ka4 b5+ 42. Kb3 a5 43. Qe4 a4+ 44. Kb2 b4 45. Qe6+
1-0

[Event "Moana Pozzi memorial"]
[Site "SchemingMind.com"]
[Date "2017.01.12"]
[Round "-"]
[White "dixan"]
[Black "Kenny Elliott"]
[Result "0-1"]
[WhiteCountry "ITA"]
[BlackCountry "USA"]
[WhiteElo "1686"]
[WhiteRD "99"]
[BlackElo "1561"]
[BlackRD "74"]
[GameID "409226"]

1. e4 c5 2. d4 cxd4 3. c3 dxc3 4. Nxc3 e5 5. Nf3 Nc6 6. Bc4 Bb4 7. Qd5 Bxc3+ 8. bxc3 Qe7 9. O-O Nf6 10. Qd3 O-O
0-1